| 000 | 003050000a22001090004500 | ||
|---|---|---|---|
| 090 |
_aAS _bSeriadas |
||
| 245 | 1 | 0 | _aNotas sobre las aves de la región de Uraba |
| 041 | 0 | _aEspañol | |
| 100 | 1 |
_aHaffer, Jurgen _994043 |
|
| 942 | _cARTICULO | ||
| 773 | 1 |
_tLozania: Acta Zoológica Colombiana _3375 _h12 _q1-55 _d1959 |
|
| 999 |
_c15177 _d15177 |
||